Top 500 girls names - Statistics

General Stats
  • This quiz has been taken 97 times
  • The average score is 152 of 500
Answer Stats
Position Hint Answer % Correct
1 E Emma
91%
2 O Olivia/alivia
89%
37 A Anna
86%
5 E Ella
85%
3 E Emily
83%
6 S Sophia/Sofia
82%
150 A Amy
80%
424 A Ari
80%
105 M Maria
80%
93 M Mary
80%
286 E Elle
79%
7 I Isabella
79%
19 A Amelia/Emilia
77%
8 C Charlotte
77%
15 E Elizabeth
77%
9 K Katherine
77%
237 L Laura
77%
85 A Alice
76%
51 A Aria
76%
341 E Eve
76%
18 E Evelyn
76%
72 B Bella
74%
61 C Carol
74%
23 G Grace
74%
13 J Jessica
74%
22 Z Zoey/Zoe
74%
24 C Chloe/Khloe
73%
224 D Danielle
73%
29 H Hannah
73%
10 H Harper
73%
92 I Isabelle
73%
103 J Jennifer
73%
120 L Lauren
73%
26 L Lily/Lilly
73%
12 M Madison
73%
141 M Margaret
73%
147 R Rose
73%
21 S Scarlett
73%
100 S Sophie
73%
28 V Victoria
73%
73 E Eva
71%
82 J Julia
71%
446 K Kimber
71%
50 L Lucy
71%
4 M Mia
71%
59 P Penelope
71%
39 S Sarah/Sara
71%
291 | 421 Z Zara
71%
34 A Alexa
70%
363 B Belle
70%
180 G Georgia
70%
302 H Helen
70%
154 K Katie
70%
470 N Nancy
70%
40 S Samantha
70%
14 A Abigail
68%
60 C Caroline
68%
102 C Clara
68%
250 E Erin
68%
354 H Holly
68%
128 I Ivy
68%
125 J Jayde/Jade
68%
418 K Kai
68%
137 M Molly
68%
144 | 161 S Stephanie
68%
36 A Alison/Allison
67%
371 E Evie
67%
344 K Kelly
67%
30 L Lillian
67%
106 L Luna
67%
287 M Mae/May
67%
346 M Millie/Milly
67%
196 O Olive
67%
78 R Ruby
67%
87 | 238 A Annie
65%
282 E Elsie
65%
158 E Esther
65%
159 G Gabrielle
65%
234 J Joanna
65%
96 A Alexandra
64%
114 A Amanda
64%
33 | 88 A Annabelle
64%
292 A April
64%
301 B Bethany
64%
41 C Claire/Clair
64%
222 D Diana
64%
48 E Ellie
64%
54 G Gabriella
64%
442 I Irene
64%
315 J Jillian/Gillian
64%
57 K Kennedy
64%
283 K Kennedy/Kennedy
64%
115 L Lola
64%
478 L Louisa
64%
80 L Lydia
64%
81 M Melanie
64%
318 N Nia
64%
91 V Vivian
64%
207 A Adelaide
62%
152 A Angela
62%
84 C Catherine
62%
53 C Christina
62%
95 C Cora
62%
169 F Fiona
62%
300 F Freya
62%
17 G Gracie
62%
179 H Hope
62%
116 K Kimberly
62%
479 L Louise
62%
67 M Maya
62%
69 A Aaliyah
61%
268 A Adaline/Adeline
61%
454 H Helena
61%
366 I India
61%
149 I Isla
61%
38 L Leah
61%
223 R Ruth
61%
43 A Alexis
59%
42 A Ariana/Arianna
59%
384 A Astrid
59%
351 E Elisa
59%
199 E Eloise
59%
63 H Hailey/Haley
59%
140 N Nicole
59%
11 P Paisley
59%
230 C Chelsea
58%
58 E Eleanor
58%
270 F Felicity
58%
107 J Jasmine
58%
138 J Josephine
58%
457 P Poppy
58%
247 A Amber
56%
202 J Jacqueline
56%
75 M Mackenzie
56%
32 N Natalie
56%
47 N Nora
56%
221 P Phoebe
56%
205 G Gemma
55%
316 A Abby
53%
193 A Allie
53%
121 A Andrea
53%
272 L Leslie
53%
20 S Savannah/Savanna
53%
285 A Annabella
52%
27 A Aubrey/Aubree
52%
16 A Avery
52%
192 J Josie
52%
109 W Willow
52%
383 D Danna
50%
98 | 113 F Faith
50%
204 M Macie/Macy/Macey
50%
45 S Stella
50%
76 T Taylor
50%
165 A Alexandria/Alessandra
48%
71 N Naomi
48%
198 P Paris
48%
365 Q Queen
48%
44 V Violet
48%
310 C Carolina
47%
261 H Heaven
47%
209 K Kenzie
47%
284 M Mallory
47%
173 P Parker
47%
297 S Serena
47%
263 A Ada
45%
308 A Angelica
45%
410 D Dorothy
45%
112 K Kamryn/Cameron
45%
35 L Layla
45%
208 L Lena
45%
401 C Cameron
44%
214 J June
44%
363 M Michaela
44%
134 A Ariel
42%
494 B Bria
42%
473 E Eileen
42%
352 E Elsa
42%
227 M Mariana/Marianna
42%
111 M Morgan
42%
68 P Peyton/Paityn
42%
101 B Bailey/Bayley
41%
186 C Camille
41%
500 C Candy
41%
127 D Delilah
41%
366 E Elaine
41%
480 F Faye
41%
130 J Jordyn/Jordan
41%
122 L London
41%
229 M Madeleine
41%
56 N Nevaeh
41%
77 B Brianna/Briana
39%
367 B Bridget/Bridgett/Bridgette
39%
359 H Hattie
39%
66 | 182 K Kylie
39%
46 R Riley
38%
241 A Alexia
36%
408 G Gloria
36%
216 L Lucille
36%
493 P Pearl
36%
166 A Ana
35%
499 C Cynthia
35%
334 K Karina
35%
382 L Leona
35%
25 A Addison
33%
83 A Ashley
33%
226 J Jenna
33%
370 R Rhea
33%
157 A Arabella
30%
394 A Azalea
30%
330 B Britanny/Brittany
30%
345 L Lacey/Lacy
30%
118 N Natalia/Natalya
30%
163 C Charlie
29%
324 J Juniper
29%
117 K Kayla
29%
131 T Trinity
29%
86 C Carly
27%
279 C Carmen
27%
450 D Diamond
27%
362 E Emerald
27%
492 L Laurel
27%
89 M Madeline
27%
110 Q Quinn
27%
225 S Shelby
27%
290 A Ariella
26%
369 E Edith
26%
443 G Greta
26%
317 J Joy
26%
375 M Monica
26%
390 M Myra
26%
335 T Thea
26%
353 S Sylvia
24%
94 A Alyssa
23%
215 B Brooke
23%
151 D Destinee/Destiny
23%
104 E Elena/Alaina
23%
74 H Hazel
23%
232 L Lexi
23%
483 S Simone
23%
236 V Vera
23%
153 A Angelina
21%
403 B Beatrice
21%
31 B Brooklyn
21%
369 J Jayden
21%
242 K Kaylee/Kayleigh
21%
55 M Madelyn
21%
414 M Meredith
21%
248 M Mila/Myla
21%
191 N Noelle
21%
355 R Raven
21%
356 A Aisha
20%
299 D Dahlia
20%
498 D Davina
20%
213 H Harley
20%
185 M Maggie
20%
52 M Mila
20%
231 A Amina
18%
197 C Cassidy
18%
259 C Cheyenne
18%
372 I Ivory
18%
360 P Priscilla
18%
123 S Sydney/Cyndi
18%
145 V Valentina
18%
70 A Autumn
17%
257 C Cadence/Kaydence/Kadence
17%
178 G Giselle
17%
233 J Jada
17%
174 J Juliette
17%
182 K Kyla
17%
240 S Selena
17%
65 K Kaylee
15%
188 K Keira
15%
175 L Lucia
15%
391 M Mara
15%
264 S Sabrina
15%
62 S Sadie
15%
176 S Sienna
15%
177 V Vivienne
15%
312 B Blake
14%
49 C Camila
14%
441 C Coraline
14%
364 M Mabel
14%
468 M Miley
14%
142 P Paige/Page
14%
97 R Reagan
14%
164 T Tessa
14%
108 C Casey/Kacey
12%
246 H Haven
12%
482 J Jolie
12%
399 L Lyra
12%
281 S Skye
12%
460 Z Zelda
12%
489 B Blaire
11%
455 C Colette
11%
239 F Fatima
11%
481 J Joelle
11%
377 L Liv
11%
326 M Maeve
11%
386 M Maren
11%
220 M Miriam
11%
203 R Rosalie
11%
416 S Skyla
11%
445 A Aurelia
9%
99 E Eliana/Elliana
9%
228 E Elliana
9%
486 E Ellis
9%
309 F Francesca
9%
275 G Gia
9%
168 I Iris
9%
135 J Jocelyn
9%
253 K Kendra
9%
322 L Lorelei
9%
255 N Nadia
9%
167 N Nova
9%
349 R Ryan
9%
295 A Annalisa
8%
129 B Brielle
8%
148 D Dakota
8%
439 E Emmie/Emmy
8%
90 G Genesis
8%
361 J Jamie
8%
288 L Logan
8%
311 M Marilyn
8%
404 N Noa
8%
64 P Piper
8%
155 P Presley
8%
273 S Sage
8%
320 S Sarai
8%
79 S Serenity
8%
389 V Virginia
8%
171 A Alayna
6%
333 A Amara
6%
170 A Anastasia
6%
276 A Aspen
6%
195 A Ayla
6%
267 B Briella
6%
200 E Evangeline
6%
133 H Hadley
6%
260 H Heidi
6%
139 K Kendall
6%
358 K Kyra
6%
172 M Marley
6%
212 M Miranda
6%
381 O Octavia
6%
467 O Opal
6%
328 P Phoenix
6%
374 R Raya
6%
362 R Remi/Remy
6%
258 R River
6%
251 R Rowan
6%
376 S Sasha
6%
217 T Talia
6%
357 T Tiffany
6%
252 A Ainsley
5%
438 A Alma
5%
411 B Briar
5%
194 B Brynn
5%
244 C Catalina
5%
364 C Celeste
5%
474 C Clementine
5%
277 D Daphne
5%
190 D Delaney
5%
293 D Dylan
5%
269 E Ember
5%
271 E Esmeralda
5%
265 G Gracelyn/Gracelynn
5%
296 G Gwendolyn
5%
305 H Harlow
5%
338 | 406 J Janelle
5%
266 K Kira
5%
132 L Liliana/Lilliana
5%
235 | 313 M Malia
5%
425 N Nola
5%
361 Q Quincy
5%
365 S Sylvie
5%
210 A Adelynn/Adelyn
3%
280 A Amira
3%
398 A Antonella
3%
461 C Chaya
3%
126 E Emery
3%
143 E Everly
3%
409 I Ivanna
3%
417 J Julieta
3%
329 J Justice
3%
415 K Kayden
3%
289 K Kiara
3%
339 L Luciana
3%
219 L Lyric/Lyriq
3%
187 M Mckenna
3%
218 M McKenna/Makenna
3%
477 M Milena
3%
466 N Nala
3%
201 S Sawyer
3%
249 S Sloane
3%
440 T Tiana/Tianna
3%
307 V Viviana
3%
323 Z Zuri
3%
388 A Adelina
2%
392 A Allesia
2%
254 A Alondra
2%
343 A Amari
2%
245 A Ashlynn/Ashlyn
2%
397 A Aviana
2%
274 A Aylin
2%
262 B Blakely
2%
336 B Braelynn/Braelyn
2%
184 B Brynlee/Brynley/Brinley
2%
487 C Calliope
2%
387 C Carter
2%
314 C Cataleya
2%
400 C Christian
2%
378 D Dallas
2%
160 F Finley
2%
367 I Imani
2%
469 I Indie
2%
306 J Jayleen
2%
211 J Journey/Journee
2%
325 K Kaia
2%
459 K Kenna
2%
181 K Kinley
2%
124 K Kinsley
2%
368 L Legacy
2%
342 L Leighton
2%
449 L Liberty
2%
303 M Magnolia
2%
136 M Makayla
2%
162 M Makenzie
2%
452 M Malani
2%
456 M Meadow
2%
243 N Nyla
2%
379 O Oakley
2%
206 R Raegan
2%
368 R Raina/Rayna
2%
451 S Stevie
2%
304 T Tatum
2%
348 W Willa
2%
119 A Adelynn
0%
463 A Adley
0%
420 A Ailani
0%
413 A Aitana
0%
488 A Alora
0%
437 A Amirah
0%
146 A Amiyah
0%
471 A Anika
0%
189 A Aniya/Aniyah
0%
419 A Armani
0%
327 B Bristol
0%
340 B Brylee/Briley
0%
183 D Daleyza
0%
426 D Dior
0%
385 D Dream
0%
405 E Elliot
0%
402 E Emberly
0%
332 E Emmalyn
0%
453 E Ensley
0%
458 F Fernanda
0%
490 F Frida
0%
337 G Giuliana
0%
373 G Guadalupe
0%
465 H Hadassah
0%
423 H Henley/Henlee
0%
495 H Holland
0%
360 I Itzel
0%
395 J Jaliyah
0%
350 J Jaylah
0%
396 J Jaylen/Jaelyn
0%
393 J Jazlyn
0%
407 K Kaliyah
0%
476 K Khaleesi
0%
475 | 485 L Lennox
0%
462 M Malaya
0%
321 M Malaysia
0%
278 M Mckinley
0%
448 M Melina
0%
464 M Mercy
0%
484 M Milon
0%
298 M Miracle
0%
422 M Monroe
0%
444 N Nalani
0%
331 N Nayeli
0%
319 N Nylah
0%
380 O Oaklynn
0%
497 R Rayne
0%
447 R Romina
0%
156 R Ryleigh
0%
347 S Sellah
0%
472 T Treasure
0%
412 X Xiomara
0%
491 Y Yareli
0%
294 Y Yaretzi
0%
496 Z Zaylee
0%
No matching quizzes found
Score Distribution
Percent of People with Each Score
Percentile by Number Answered
Your Score History
You have not taken this quiz